|
|
|
|
| LEADER |
00000cam a2200000 a 4500 |
| 001 |
vtls011574989 |
| 003 |
SK-MaSNL |
| 005 |
20260426003013.0 |
| 008 |
240318s2012 rb d f n 000 0 srp |
| 020 |
|
|
|a 9788670671690
|q (brožované)
|
| 040 |
|
|
|a SNK
|b slo
|c SNK
|e AACR2
|
| 041 |
0 |
|
|a srp
|b eng
|
| 043 |
|
|
|a e------
|a ee-----
|
| 044 |
|
|
|a rb
|c RS
|
| 072 |
|
7 |
|a 32
|x Politika
|2 konspekt
|
| 080 |
|
|
|a 32:911.3
|2 2011
|
| 080 |
|
|
|a 339.92
|2 2011
|
| 080 |
|
|
|a 355.02
|2 2011
|
| 080 |
|
|
|a (4)
|2 2011
|
| 080 |
|
|
|a (4-11)
|2 2011
|
| 080 |
|
|
|a (048.8)
|2 2011
|
| 100 |
1 |
|
|a Jeftić Šarčević, Nevenka,
|d 1950-
|4 aut
|9 608275
|
| 245 |
1 |
0 |
|a Dunavsko-crnomorski region kao geopolitički, energetski i bezbednosni prostor
|c Nevenka Jeftić Šarčević
|
| 246 |
3 |
1 |
|a Danube-black sea region as geopolitical energetic and safety area
|
| 260 |
|
|
|a Beograd
|b Institut za medjunarodnu politiku i privredu
|c 2012
|
| 300 |
|
|
|a 126 s.
|b tab.
|c 24 cm
|
| 366 |
|
|
|e 300 výt.
|
| 504 |
|
|
|a Bibliografia: s. 121-126 ; bibliogr. odkazy
|
| 546 |
|
|
|a Res. angl. ; súbež. názov a obsah angl.
|
| 650 |
0 |
7 |
|a geopolitika
|2 SNKPH
|9 4679
|
| 650 |
0 |
7 |
|a Geopolitics
|2 SNKPHeng
|9 315868
|
| 650 |
0 |
7 |
|a hospodárska spolupráca
|2 SNKPH
|9 29398
|
| 650 |
0 |
7 |
|a Economic cooperation
|2 SNKPHeng
|9 335222
|
| 650 |
0 |
7 |
|a bezpečnostná politika
|2 SNKPH
|9 1647
|
| 650 |
0 |
7 |
|a Security policy
|2 SNKPHeng
|9 268398
|
| 651 |
|
7 |
|a Dunaj (rieka)
|2 SNKPH
|9 22602
|
| 651 |
|
7 |
|a Danube River
|2 SNKPHeng
|9 162433
|
| 651 |
|
7 |
|a Európa východná
|2 SNKPH
|9 167635
|
| 651 |
|
7 |
|a Europe, Eastern
|2 SNKPHeng
|9 229905
|
| 655 |
|
7 |
|a monografie
|2 SNKPH
|9 70139
|
| 655 |
|
7 |
|a Monographs
|2 SNKPHeng
|9 120675
|
| 752 |
|
|
|a Srbsko
|d Belehrad
|
| 919 |
|
|
|a 978-86-7067-169-0
|
| 958 |
|
|
|a TL
|
| 958 |
|
|
|a NB
|
| 958 |
|
|
|a RS
|
| 999 |
|
|
|c 933052
|d 934982
|
| 952 |
|
|
|a SNK
|b SNK
|y VYP
|7 0
|p 17A1249869
|o snkIC 142953
|i snk2016/27104
|8 2
|g 5.80
|0 0
|1 0
|4 0
|d 2016-08-24
|l 0
|r 2026-02-24 08:54:39
|w 2026-02-24
|